{"text_format":"3","workbook":"xls","n_sheets":3,"sheets":["BDI","SINTÉTICO","CRONOGRAMA"],"not_rendered":{"images":5,"external_links":1,"defined_names":4},"read":"whole","date_system":"1900","formulas":"cached_only"}

{"sheet":"BDI","index":0,"n_rows":32,"n_cols":3,"rows_kept":32,"merged":[[1,0,1,2],[2,0,2,2],[4,0,4,2],[6,0,7,0],[6,1,7,1],[6,2,7,2],[8,0,8,2],[9,1,9,2],[14,0,14,1],[15,0,15,2],[16,1,16,2],[18,0,18,1],[19,0,19,2],[20,1,20,2],[24,0,24,1],[28,0,29,2],[31,0,32,1],[31,2,32,2]],"flags":["formulas_cached_only"]}
["PREFEITURA MUNICIPAL DE FORTALEZA"]
["LARGO DOS TREMEMBÉS"]
["PRAIA DE IRACEMA - FORTALEZA/CE"]
[]
["PLANILHA DE COMPOSIÇÃO DE BDI"]
[]
["ITEM","DISCRIMINAÇÃO ","PERC.     (%)"]
[]
[]
[{"v":1,"d":"1.00"}," Despesas Indiretas"]
["A-1","Garantia",{"v":0.0042,"d":"0.42%"}]
["A-2","Risco",{"v":0.0205,"d":"2.05%"}]
["A-3","Despesas Financeiras",{"v":0.012,"d":"1.20%"}]
["A-4","Administração central",{"v":0.0803,"d":"8.03%"}]
["Total do Grupo A =",null,{"v":0.11699999999999999,"d":"11.70%"}]
[]
[{"v":2,"d":"2.00"},"Benefício"]
["B-1","LUCRO",{"v":0.046,"d":"4.60%"}]
["Total do Grupo B =",null,{"v":0.046,"d":"4.60%"}]
[]
[{"v":3,"d":"3.00"},"Impostos"]
["C-1","PIS",{"v":0.0065,"d":"0.65%"}]
["C-2","COFINS",{"v":0.03,"d":"3.00%"}]
["C-3","ISS (*)",{"v":0.05,"d":"5.00%"}]
["Total do Grupo C =",null,{"v":0.0865,"d":"8.65%"}]
[]
[null,"Fórmula Para Cálculo do B.D.I"]
[]
["BDI = { [ (1 + (A/100)) X  (1 + (B/100)) / (1 – (C/100)) ] – 1 } X 100"]
[]
[]
["Bonificação Sobre Despesas indiretas (B.D.I) =",null,{"v":0.24976987093832115,"d":"24.98%"}]

{"sheet":"SINTÉTICO","index":1,"n_rows":121,"n_cols":7,"rows_kept":121,"merged":[[1,5,1,6],[2,0,2,6],[3,0,3,6],[4,0,4,6],[6,4,6,6],[8,5,8,6],[9,1,9,6],[11,2,11,6],[12,2,12,6],[16,2,16,6],[18,2,18,6],[19,0,19,5],[20,2,20,6],[21,2,21,6],[23,2,23,6],[25,0,25,5],[26,2,26,6],[27,2,27,6],[30,2,30,6],[32,2,32,6],[37,0,37,5],[38,2,38,6],[39,2,39,6],[41,2,41,6],[44,0,44,5],[45,2,45,6],[46,2,46,6],[48,2,48,6],[51,2,51,6],[53,2,53,6],[55,2,55,6],[58,2,58,6],[60,2,60,6],[62,2,62,6],[64,2,64,6],[67,2,67,6],[69,2,69,6],[71,2,71,6],[73,0,73,5],[74,2,74,6],[75,2,75,6],[81,2,81,6],[83,2,83,6],[85,2,85,6],[88,2,88,6],[90,2,90,6],[92,0,92,5],[93,2,93,6],[94,2,94,6],[96,2,96,6],[98,2,98,6],[99,2,99,6],[101,2,101,6],[103,2,103,6],[105,2,105,6],[107,2,107,6],[108,2,108,6],[110,2,110,6],[111,0,111,5],[112,2,112,6],[113,2,113,6],[115,0,115,5],[116,0,116,5],[117,1,117,5],[118,0,118,5],[119,0,119,5]],"flags":["formulas_cached_only"]}
[]
[null,null,"URBANIZAÇÃO DE ÁREA PÚBLICA, RUA TABAJARAS Nº 451,LARGO TREMEMBÉS",null,null,"Data: 29/01/2014"]
["ANEXO II"]
["Orçamento Sintético Global"]
["DATA BASE - REGIÃO: SINAPI - Fortaleza/CE (MES: DEZ/13) - COM DESONERAÇÃO"]
[null,null,"ANEXO II"]
["OBRA :","URBANIZAÇÃO DE ÁREA PÚBLICA, RUA TABAJARAS Nº 451, LARGO DOS TREMEMBÉS",null,null,"TAXAS: LS= 123,31%"]
["ORÇAMENTO :","F019-ORC-R5"]
["LOCAL :","PRAIA DE IRACEMA - FORTALEZA/CE"]
[]
["ITEM","CÓDIGO","DESCRIÇÃO","UNIDADE","QUANT.","PREÇO(R$)","PREÇO TOTAL (R$)"]
["1.0",null,"SERVIÇOS PRÉ-LIMINARES"]
["1.1",null,"SERVIÇOS INICIAIS E CANTEIRO DE OBRAS"]
["1.1.1","73805/001U","BARRACAO DE OBRA PARA ALOJAMENTO/ESCRITORIO, PISO EM PINHO 3A, PAREDES EM COMPENSADO 10MM, COBERTURA EM TELHA AMIANTO 6MM, INCLUSO INSTALACOES ELETRICAS E ESQUADRIAS","M2",{"v":50,"d":"50.00"},185.65,{"v":9282.5,"d":"9,282.50"}]
["1.1.2","74209/001U","PLACA DE OBRA EM CHAPA DE ACO GALVANIZADO","M2",{"v":6,"d":"6.00"},262.83,{"v":1576.98,"d":"1,576.98"}]
["1.1.3","74220/001U","TAPUME DE CHAPA DE MADEIRA COMPENSADA (6MM) - PINTURA A CAL - APROVEITAMENTO 2 X","M2",{"v":273.6,"d":"273.60"},32.71,{"v":8949.46,"d":"8,949.46"}]
["1.2",null,"LOCAÇÃO DE OBRA"]
["1.2.1","02.06.0004C","LOCAÇÃO DA OBRA COM AUXÍLIO TOPOGRÁFICO (ÁREA ATÉ 5000 M2) (SEINFRA - C2873)","M2",{"v":1366.56,"d":"1,366.56"},0.25,341.64]
[null,"Observação:","REF. SEINFRA-CE - C2873 - COM DESONERAÇÃO"]
["SUBTOTAL (Atividade):",{"$nulls":5},{"v":20150.579999999998,"d":"20,150.58"}]
["2.0",null,"MOVIMENTO DE TERRA"]
["2.1",null,"ESCAVAÇÃO E COMPACTAÇÃO"]
["2.1.1","02.02.0050C","APILOAMENTO DE PISO OU FUNDO DE VALAS C/MAÇO DE 30 A 60 KG.","M2",58.24,12.52,729.16]
[null,"Observação:","REF.- SEINFRA-CE - C0095 - 017."]
["2.1.2","74019/001U","ESCAVACAO MANUAL (VALAS OU FUNDACOES RASAS)","M3",77.06,20.54,{"v":1582.81,"d":"1,582.81"}]
["SUBTOTAL (Atividade):",{"$nulls":5},{"v":2311.97,"d":"2,311.97"}]
["3.0",null,"FUNDAÇÕES E CONTENÇÕES"]
["3.1",null,"ALVENARIA DE PEDRA"]
["3.1.1","73844/001U","MURO DE ARRIMO DE ALVENARIA DE PEDRA ARGAMASSADA","M3",21.07,265.37,{"v":5591.35,"d":"5,591.35"}]
["3.1.2","74053/001U","ALVENARIA EM PEDRA RACHAO OU PEDRA DE MAO, ASSENTADA COM ARGAMASSA TRACO 1:6 (CIMENTO E AREIA)","M3",{"v":11.7,"d":"11.70"},217.36,{"v":2543.11,"d":"2,543.11"}]
["3.2",null,"BALDRAME"]
["3.2.1","73935/002U","ALVENARIA EM TIJOLO CERAMICO FURADO 10X20X20CM, 1 VEZ, ASSENTADO EM ARGAMASSA TRACO 1:5 (CIMENTO E AREIA), E=1CM","M2",17.12,41.25,{"v":706.2,"d":"706.20"}]
["3.3",null,"BLOCO DE CONCRETO (P/CARAMANCHÃO)"]
["3.3.1","73907/002U","LASTRO DE CONCRETO TRACO 1:2,5:5, ESPESSURA 7CM, PREPARO MECANICO (SEINFRA-C1607)","M2",1.28,32.22,41.24]
["3.3.2","73972/002U","CONCRETO ESTRUTURAL FCK=20MPA, VIRADO EM BETONEIRA, NA OBRA, SEM LANÇAMENTO","M3",0.51,284.46,145.07]
["3.3.3","74074/002U","FORMA PINHO 3A P/CONCRETO EM FUNDAÇÃO REAPROV 3 VEZES - CORTE/MONTAGEM/ESCORAMENTO/DESFORMA, NÃO INCLUÍDO DEMOLDANTE (SEINFRA-C1400)","M2",5.12,45.67,233.83]
["3.3.4","74157/003U","LANCAMENTO/APLICACAO MANUAL DE CONCRETO EM ESTRUTURAS","M3",0.51,15.28,7.79]
["SUBTOTAL (Atividade):",{"$nulls":5},{"v":9268.590000000002,"d":"9,268.59"}]
["4.0",null,"ALVENARIAS E PAINÉIS"]
["4.1",null,"ALVENARIAS"]
["4.1.1","73935/001U","ALVENARIA EM TIJOLO CERAMICO FURADO 10X20X20CM, 1/2 VEZ, ASSENTADO EMARGAMASSA TRACO 1:4 (CIMENTO E AREIA),E=1CM","M2",{"v":140.4,"d":"140.40"},27.58,{"v":3872.23,"d":"3,872.23"}]
["4.2",null,"REVESTIMENTOS"]
["4.2.1","5974U","CHAPISCO EM PAREDES TRACO 1:4 (CIMENTO E AREIA), ESPESSURA 0,5CM, PREPARO MECANICO","M2",{"v":140.4,"d":"140.40"},2.92,409.97]
["4.2.2","73791/001U","PINTURA COM TINTA EM PO INDUSTRIALIZADA DE CAL, PIGMENTO E FIXADOR, DUAS DEMAOS","M2",{"v":140.4,"d":"140.40"},3.94,553.18]
["SUBTOTAL (Atividade):",{"$nulls":5},{"v":4835.38,"d":"4,835.38"}]
["5.0",null,"PAVIMENTAÇÃO"]
["5.1",null,"PISO DE BORRACHA DE PNEU RECICLADO"]
["5.1.1","02.06.0040C","PISO DE BORRACHA DE PNEU RECICLADO 50x50cm - FORNECIMENTO E ASSENTAMENTO","M2",116.27,136.01,{"v":15813.88,"d":"15,813.88"}]
[null,"Observação:","REF. COTAÇÃO VERDEAL (www.verdeal.com.br)"]
["5.1.2","73907/002U","LASTRO DE CONCRETO TRACO 1:2,5:5, ESPESSURA 7CM, PREPARO MECANICO (SEINFRA-C1607)","M2",116.27,32.22,{"v":3746.22,"d":"3,746.22"}]
["5.1.3","73977/002U","REGULARIZACAO DE PISO/BASE EM ARGAMASSA TRACO 1:3 (CIMENTO E AREIA GROSSA SEM PENEIRAR), ESPESSURA 5,0CM, PREPARO MECANICO","M2",116.27,20.91,{"v":2431.21,"d":"2,431.21"}]
["5.2",null,"PISO DRENANTE"]
["5.2.1","02.02.0010C","PISO DRENANTE 40x40x5cm - FORNECIMENTO E ASSENTAMENTO","M2",11.52,132.64,{"v":1528.01,"d":"1,528.01"}]
[null,"Observação:","COTAÇÃO TECNOGRAN"]
["5.2.2","02.06.0006C","CAMADA DE BRITA ARRUMADA A MÃO, COMPLETAMENTE EXECUTADA","M3",1.38,{"v":45,"d":"45.00"},{"v":62.1,"d":"62.10"}]
[null,"Observação:","REF. SINAPE INSUMO - DEZ_2013 - 4718"]
["5.2.3","73615U","COLCHAO DE AREIA, INCLUSIVE MAO-DE-OBRA DE ESPALHAMENTO, TRANSPORTE COM CARRO DE MAO E FORNECIMENTO COMERCIAL (SINAPI-72948)","M3",0.81,40.91,33.14]
["5.2.4","74031/001U","MANTA GEOTEXTIL NÃO-TECIDO 100% POLIESTER (SINAPI-74167/001)","M2",11.52,16.89,194.57]
["5.3",null,"PISOS TÁTEIS"]
["5.3.1","02.06.0038C","PISO PODOTÁTIL PRÉ-MOLDADO 40x40x3,5cm","M2",21.37,100.59,{"v":2149.61,"d":"2,149.61"}]
[null,"Observação:","REF. COTAÇÃO TECNOGRAN"]
["5.3.2","73907/002U","LASTRO DE CONCRETO TRACO 1:2,5:5, ESPESSURA 7CM, PREPARO MECANICO (SEINFRA-C1607)","M2",21.37,32.22,688.54]
["5.4",null,"PISO EM CONCRETO PRENSADO"]
["5.4.1","02.02.0012C","PISO EM CONCRETO PRENSADO, 40X40X1,6CM, ASSENTADA COM ARGAMASSA COLANTE, COM REJUNTE","M2",747.07,118.79,{"v":88744.45,"d":"88,744.45"}]
[null,"Observação:","REF. COTAÇÃO TECNOGRAN"]
["5.4.2","73907/002U","LASTRO DE CONCRETO TRACO 1:2,5:5, ESPESSURA 7CM, PREPARO MECANICO (SEINFRA-C1607)","M2",747.07,32.22,{"v":24070.6,"d":"24,070.60"}]
["5.4.3","73977/002U","REGULARIZACAO DE PISO/BASE EM ARGAMASSA TRACO 1:3 (CIMENTO E AREIA GROSSA SEM PENEIRAR), ESPESSURA 5,0CM, PREPARO MECANICO","M2",747.07,20.91,{"v":15621.23,"d":"15,621.23"}]
["5.5",null,"MEIO-FIO"]
["5.5.1","72967U","MEIO-FIO DE CONCRETO PRE-MOLDADO 12 X 30 CM, SOBRE BASE DE CONCRETO SIMPLES E REJUNTADO COM ARGAMASSA TRACO 1:3 (CIMENTO E AREIA)","M",165.03,21.02,{"v":3468.93,"d":"3,468.93"}]
["5.6",null,"ESCADA"]
["5.6.1","02.06.0041C","PISO EM GRANITO CINZA LEVIGADO ESPESSURA 2CM, ASSENTADO COM ARGAMASSA COLANTE DUPLA COLAGEM, COM REJUNTAMENTO EM CIMENTO BRANCO","M2",23.79,264.62,{"v":6295.31,"d":"6,295.31"}]
[null,"Observação:","REF. SINAPI 72138U MODIFICADO"]
["5.6.2","73907/002U","LASTRO DE CONCRETO TRACO 1:2,5:5, ESPESSURA 7CM, PREPARO MECANICO (SEINFRA-C1607)","M2",18.33,32.22,590.59]
["SUBTOTAL (Atividade):",{"$nulls":5},{"v":165438.38999999998,"d":"165,438.39"}]
["6.0",null,"URBANIZAÇÃO"]
["6.1",null,"BRINQUEDOS"]
["6.1.1","02.06.0042C","BRINQUEDO ÓICO - CAVALO","UN",{"v":1,"d":"1.00"},425.23,425.23]
["6.1.2","02.06.0043C","BRINQUEDO ÓICO - GIRAFA","UN",{"v":1,"d":"1.00"},467.54,467.54]
["6.1.3","02.06.0044C","BRINQUEDO ÓICO - COBRA","UN",{"v":1,"d":"1.00"},537.97,537.97]
["6.1.4","02.06.0045C","BRINQUEDO PNEUS PACTA","UN",{"v":1,"d":"1.00"},{"v":1859.13,"d":"1,859.13"},{"v":1859.13,"d":"1,859.13"}]
["6.1.5","02.06.0046C","MINI-CENTRO DE ATIVIDADES","UN",{"v":1,"d":"1.00"},{"v":1800,"d":"1,800.00"},{"v":1800,"d":"1,800.00"}]
["6.2",null,"BANCOS"]
["6.2.1","02.02.0092C","BANCO (C=2,40m) - ASSENTO EM ECOBLOCK - APOIADO EM PRÉ-MOLDADOS DE CONCRETO, S/ ENCOSTO.","UN",{"v":2,"d":"2.00"},304.13,608.26]
[null,"Observação:","REF- JCA - 17/06/2011."]
["6.2.2","02.02.0093C","BANCO (C=2,40m) - ASSENTO EM ECOBLOCK - APOIADO EM PRÉ-MOLDADOS DE CONCRETO, C/ ENCOSTO.","UN",{"v":6,"d":"6.00"},343.73,{"v":2062.38,"d":"2,062.38"}]
[null,"Observação:","REF- JCA - 17/06/2011."]
["6.2.3","02.06.0047C","BANCO QUADRADO - ASSENTO EM ECOBLOCK - APOIADO SOBRE BASES DE GRANITO, S/ ENCOSTO (TREMEMBÉS).","UN",{"v":1,"d":"1.00"},{"v":1178.94,"d":"1,178.94"},{"v":1178.94,"d":"1,178.94"}]
["6.2.4","02.06.0048C","BANCO \"T\" EM ALVENARIA E CONCRETO","M",22.21,102.86,{"v":2284.52,"d":"2,284.52"}]
["6.3",null,"CARAMANCHÃO DE MADEIRA"]
["6.3.1","02.06.0051C","CARAMANCHÃO DE MADEIRA","UN",{"v":1,"d":"1.00"},{"v":8930.61,"d":"8,930.61"},{"v":8930.61,"d":"8,930.61"}]
["6.4",null,"DIVERSOS"]
["6.4.1","02.06.0049C","LIXEIRA (50x50) PRÉ-MOLDADA EM CONCRETO ARMADO","UN",{"v":4,"d":"4.00"},94.08,376.32]
["SUBTOTAL (Atividade):",{"$nulls":5},{"v":20530.9,"d":"20,530.90"}]
["7.0",null,"PAISAGISMO"]
["7.1",null,"FORRAÇÕES"]
["7.1.1","02.06.0007C","GRAMA EM PLACAS TIPO ESMERALDA (FORNECIMENTO, PREPARO DO SOLO E PLANTIO)","M2",{"v":292.1,"d":"292.10"},{"v":9.2,"d":"9.20"},{"v":2687.32,"d":"2,687.32"}]
[null,"Observação:","REF. SEINF-FOR - 020.003.0022 - 10.05.2011"]
["7.1.2","02.06.0031C","PLANTIO DE FORRAÇÃO, EM CANTEIRO ATÉ 25 CM DE PROFUNDIDADE","M2",{"v":101.4,"d":"101.40"},24.02,{"v":2435.63,"d":"2,435.63"}]
[null,"Observação:","TCPO-030.008.002.054"]
["7.2",null,"ÁRVORES"]
["7.2.1","73967/002U","PLANTIO DE ARVORE COM ALTURA MAIOR DO QUE 2,00 METROS","UN",{"v":9,"d":"9.00"},65.99,593.91]
["7.3",null,"PALMEIRAS"]
["7.3.1","02.06.0009C","PALMEIRAS (COQUEIRO) C/ TUTOR E ADUBO - 4,00M","UN",{"v":4,"d":"4.00"},416.62,{"v":1666.48,"d":"1,666.48"}]
[null,"Observação:","REF. SEINFRA C3061 (MODIFICADO) - COTAÇÃO COM A VILLA FLOR EXP. COM.LTDA - DATA: 11/07/12"]
["7.3.2","02.06.0069C","PALMEIRAS (CARNAÚBA) C/ TUTOR E ADUBO - 4,00M","UN",{"v":2,"d":"2.00"},416.62,833.24]
[null,"Observação:","REF. SEINFRA C3061 (MODIFICADO) - COTAÇÃO COM A VILLA FLOR EXP. COM.LTDA - DATA: 11/07/12"]
["7.3.3","02.06.0072C","PALMEIRAS (FALSA PINANGA E IMPERIAL) C/ TUTOR E ADUBO - 3,00M","UN",{"v":13,"d":"13.00"},256.62,{"v":3336.06,"d":"3,336.06"}]
[null,"Observação:","REF. SEINFRA C3061 (MODIFICADO) - COTAÇÃO COM A VILLA FLOR EXP. COM.LTDA - DATA: 11/07/12"]
["7.4",null,"TREPADEIRAS"]
["7.4.1","02.06.0039","HERBÁCEAS / TREPADEIRAS C/ TUTOR E ADUBO E C/","UN",{"v":24,"d":"24.00"},40.12,962.88]
[null,"Observação:","REF. SEINF 020.003.023 - 14.07.11"]
["SUBTOTAL (Atividade):",{"$nulls":5},{"v":12515.519999999999,"d":"12,515.52"}]
["8.0",null,"DIVERSOS E SERVIÇOS FINAIS"]
["8.1",null,"SERVIÇOS FINAIS"]
["8.1.1","9537U","LIMPEZA FINAL DA OBRA","M2",{"v":1366.56,"d":"1,366.56"},0.95,{"v":1298.23,"d":"1,298.23"}]
["SUBTOTAL (Atividade):",{"$nulls":5},{"v":1298.23,"d":"1,298.23"}]
[]
[null,"SUBTOTAL GERAL: ",{"$nulls":4},{"v":236349.56000000008,"d":"236,349.56"}]
["BDI (24,98%):",{"$nulls":5},{"v":59040.12008800002,"d":"59,040.12"}]
["TOTAL GERAL:",{"$nulls":5},{"v":295389.6800880001,"d":"295,389.68"}]
["Importa o presente orçamento em R$ 295.389,68 (Duzentos e Noventa e Cinco Mil Trezentos e Oitenta e Nove Reais e Sessenta e Oito Centavos)"]

{"sheet":"CRONOGRAMA","index":2,"n_rows":34,"n_cols":9,"rows_kept":34,"merged":[[0,0,0,8],[1,0,1,8],[2,0,2,8],[3,1,3,8],[4,0,4,8],[6,0,7,0],[6,1,7,1],[6,2,7,2],[6,4,7,4],[6,5,6,8],[8,0,10,0],[8,1,10,1],[8,2,10,2],[8,3,10,3],[8,4,10,4],[11,0,13,0],[11,1,13,1],[11,2,13,2],[11,3,13,3],[11,4,13,4],[14,0,16,0],[14,1,16,1],[14,2,16,2],[14,3,16,3],[14,4,16,4],[17,0,19,0],[17,1,19,1],[17,2,19,2],[17,3,19,3],[17,4,19,4],[20,0,22,0],[20,1,22,1],[20,2,22,2],[20,3,22,3],[20,4,22,4],[23,0,25,0],[23,1,25,1],[23,2,25,2],[23,3,25,3],[23,4,25,4],[26,0,28,0],[26,1,28,1],[26,2,28,2],[26,3,28,3],[26,4,28,4],[29,0,31,0],[29,1,31,1],[29,2,31,2],[29,3,31,3],[29,4,31,4]],"flags":["formulas_cached_only"]}
["Prefeitura Municipal de Fortaleza"]
["DATA: 29/01/2014"]
["                                           URBANIZAÇÃO DE ÁREA PÚBLICA, RUA TABAJARAS Nº 451, LARGO DOS TREMEMBÉS"]
[null,"CRONOGRAMA FÍSICO-FINANCEIRO"]
["ANEXO III"]
[]
["Item","Descrição","Valor","BDI","Valor total","Dias"]
[{"$nulls":3},{"v":0.2498,"d":"24.98%"},null,30,60,90,120]
["1.","SERVIÇOS PRÉ-LIMINARES",{"v":20150.579999999998,"d":"R$ 20,150.58"},{"v":5033.614884,"d":"R$ 5,033.61"},{"v":25184.194883999997,"d":"R$ 25,184.19"},{"v":1,"d":"100%"}]
[]
[{"$nulls":5},{"v":25184.194883999997,"d":"R$ 25,184.19"}]
["2.","MOVIMENTO DE TERRA",{"v":2311.97,"d":"R$ 2,311.97"},{"v":577.5301059999999,"d":"R$ 577.53"},{"v":2889.5001059999995,"d":"R$ 2,889.50"},{"v":1,"d":"100%"}]
[]
[{"$nulls":5},{"v":2889.5001059999995,"d":"R$ 2,889.50"}]
["3.","FUNDAÇÕES E CONTENÇÕES",{"v":9268.590000000002,"d":"R$ 9,268.59"},{"v":2315.2937820000006,"d":"R$ 2,315.29"},{"v":11583.883782000003,"d":"R$ 11,583.88"},{"v":0.4,"d":"40%"},{"v":0.6,"d":"60%"}]
[]
[{"$nulls":5},{"v":4633.553512800001,"d":"R$ 4,633.55"},{"v":6950.330269200002,"d":"R$ 6,950.33"}]
["4.","ALVENARIAS E PAINÉIS",{"v":4835.38,"d":"R$ 4,835.38"},{"v":1207.877924,"d":"R$ 1,207.88"},{"v":6043.257924,"d":"R$ 6,043.26"},null,{"v":0.5,"d":"50%"},{"v":0.5,"d":"50%"}]
[]
[{"$nulls":6},{"v":3021.628962,"d":"R$ 3,021.63"},{"v":3021.628962,"d":"R$ 3,021.63"}]
["5.","PAVIMENTAÇÃO",{"v":165438.38999999998,"d":"R$ 165,438.39"},{"v":41326.50982199999,"d":"R$ 41,326.51"},{"v":206764.89982199998,"d":"R$ 206,764.90"},null,{"v":0.35,"d":"35%"},{"v":0.5,"d":"50%"},{"v":0.15,"d":"15%"}]
[]
[{"$nulls":6},{"v":72367.71493769999,"d":"R$ 72,367.71"},{"v":103382.44991099999,"d":"R$ 103,382.45"},{"v":31014.734973299994,"d":"R$ 31,014.73"}]
["6.","URBANIZAÇÃO",{"v":20530.9,"d":"R$ 20,530.90"},{"v":5128.618820000001,"d":"R$ 5,128.62"},{"v":25659.51882,"d":"R$ 25,659.52"},null,null,{"v":0.3,"d":"30%"},{"v":0.7,"d":"70%"}]
[]
[{"$nulls":7},{"v":7697.855646,"d":"R$ 7,697.86"},{"v":17961.663174,"d":"R$ 17,961.66"}]
["7.","PAISAGISMO",{"v":12515.519999999999,"d":"R$ 12,515.52"},{"v":3126.3768959999998,"d":"R$ 3,126.38"},{"v":15641.896895999998,"d":"R$ 15,641.90"},{"$nulls":3},{"v":1,"d":"100%"}]
[]
[{"$nulls":8},{"v":15641.896895999998,"d":"R$ 15,641.90"}]
["8.","DIVERSOS E SERVIÇOS FINAIS",{"v":1298.23,"d":"R$ 1,298.23"},{"v":324.297854,"d":"R$ 324.30"},{"v":1622.527854,"d":"R$ 1,622.53"},{"$nulls":3},{"v":1,"d":"100%"}]
[]
[{"$nulls":8},{"v":1622.527854,"d":"R$ 1,622.53"}]
[{"$nulls":3},"VALOR TOTAL",{"v":295389.68008799996,"d":"R$ 295,389.68"},{"v":32707.248502799997,"d":"R$ 32,707.25"},{"v":82339.67416889999,"d":"R$ 82,339.67"},{"v":114101.93451899999,"d":"R$ 114,101.93"},{"v":66240.8228973,"d":"R$ 66,240.82"}]
[null,"PRAZO DA OBRA - 120 DIAS",null,null,"% ACUM.",{"v":0.11072576568367634,"d":"11.07%"},{"v":0.38947509147044745,"d":"38.95%"},{"v":0.7757510591515382,"d":"77.58%"},{"v":1,"d":"100.00%"}]